Представление документа в формате RUSMARC

ПолеНазваниеЗначение
  Тип записи a
  Библиографический уровень m
001 Контрольный номер RU/SLIB/B/208768984
005 Дата корректировки 20201206204253.6
010 Индекс ISBN __
a ISBN 5-89123-781-4
d Цена 210-00
100 Данные общей обработки __
a Данные общей обработки 19040309d2004 |||y0rusy0189 ca
101 Язык документа 0_
a Язык текста rus
c Язык оригинала rus
102 Страна публикации __
a Страна публикации RU
105 Кодированные данные (монография) __
a Кодированные данные (монография) y |||||||zy
200 Заглавие и сведения об ответственности 1_
a Заглавие История политических и правовых учений
e Сведения, относящиеся к заглавию учеб. для вузов
f Первые сведения об ответственности под общ. ред. проф. О.В. Мартышина ; Моск. гос. юрид. акад.
b Общее обозначение материала Текст
210 Выходные данные __
a Место издания М.
c Издательство Норма
d Дата издания 2004
215 Физическое описание __
a Объем 900 с.
320 Библиография __
a Библиография Библиогр.: с. 892-899
330 Аннотация __
a Аннотация Дан анализ основных направлений политической и правовой мысли от древности до наших дней в России, странах Запада и Востока.
600 Персоналии __
a Персоналии (Фамилия) Платон
600 Персоналии __
a Персоналии (Фамилия) Аристотель
600 Персоналии __
a Персоналии (Фамилия) Макиавелли, Н.
600 Персоналии __
a Персоналии (Фамилия) Мор, Т.
600 Персоналии __
a Персоналии (Фамилия) Боден, Ж.
600 Персоналии __
a Персоналии (Фамилия) Гроций, Г.
600 Персоналии __
a Персоналии (Фамилия) Синоза, Б.
600 Персоналии __
a Персоналии (Фамилия) Гоббс, Т.
600 Персоналии __
a Персоналии (Фамилия) Локк, Д.
600 Персоналии __
a Персоналии (Фамилия) Монтескье, Ш. Л.
600 Персоналии __
a Персоналии (Фамилия) Руссо, Ж.-Ж.
600 Персоналии __
a Персоналии (Фамилия) Джефферсон, Т.
600 Персоналии __
a Персоналии (Фамилия) Кант, И.
600 Персоналии __
a Персоналии (Фамилия) Гегель, Г. В. Ф.
600 Персоналии __
a Персоналии (Фамилия) Берк, Э.
600 Персоналии __
a Персоналии (Фамилия) Местр, Ж. де
600 Персоналии __
a Персоналии (Фамилия) Гуго, Г.
600 Персоналии __
a Персоналии (Фамилия) Савиньи, Ф. К.
600 Персоналии __
a Персоналии (Фамилия) Пухта, Г.
600 Персоналии __
a Персоналии (Фамилия) Констан, А. Б.
600 Персоналии __
a Персоналии (Фамилия) Бентам, И.
600 Персоналии __
a Персоналии (Фамилия) Штирнер, М.
600 Персоналии __
a Персоналии (Фамилия) Блан, Л.
600 Персоналии __
a Персоналии (Фамилия) Пугачев, Е. И.
600 Персоналии __
a Персоналии (Фамилия) Радищев, А. Н.
600 Персоналии __
a Персоналии (Фамилия) Герцен, А. И.
600 Персоналии __
a Персоналии (Фамилия) Чернышевский, Н. Г.
600 Персоналии __
a Персоналии (Фамилия) Лавров, П. Л.
600 Персоналии __
a Персоналии (Фамилия) Ткачев, П. Н.
600 Персоналии __
a Персоналии (Фамилия) Бакунин, М. А.
606 Тематические рубрики __
a Основная рубрика Политика. Политология
z Хронологическая подрубрика 1 в. до н. э.-20 в. н. э.
y Географическая подрубрика Россия; Индия; Китай; Древняя Греция; Древний Рим; Киевская Русь; Московское государство; Голландия; Англия; Франция; США; Германия
606 Тематические рубрики __
a Основная рубрика Всеобщая история политической мысли
606 Тематические рубрики __
a Основная рубрика Право
606 Тематические рубрики __
a Основная рубрика История правовой мысли
606 Тематические рубрики __
a Основная рубрика История государства и права
610 Ключевые слова __
a Ключевые слова политические учения; Возрождение; христианство; ислам; буржуазные революции; Французская революция; социализм; революционное народничество; политология; консерватизм; либерализм; анархизм; правовые учения
686 Индексы других классификаций __
a Классификационный индекс 66.1(0)я73
686 Индексы других классификаций __
a Классификационный индекс 67.0я73
702 Вторичная интеллектуальная ответственность __
a Фамилия Мартышин
b Имя О. В.
4 Код отношения Главный редактор
4 Код отношения 651
801 Источник записи _0
a Страна RU
b Организация Муниципальное бюджетное учреждение культуры "Централизованная библиотечная система" г. Сургут (Центральная городская библиотека им. А. С. Пушкина)
c Дата составления 20040309
g Правила каталогизации КиК/Уланова
801 Источник записи _1
a Страна RU
b Организация Муниципальное бюджетное учреждение культуры "Централизованная библиотечная система" г. Сургут (Центральная городская библиотека им. А. С. Пушкина)
c Дата составления 20040309
g Правила каталогизации КиК/Уланова
852 Данные о местонахождении __
j Шифр хранения 66.1(0)я73
c Каталожный индекс 66.1(0)я73; 67.0я73
i Авторский знак И 90
p Инвентарный номер 05050989 ; 05050990
901 Тип документа __
t Тип документа m
903 Характеристики (МАРС) __
a Дата передачи 20050519
969 Тип издания __
a Тип издания учебник
990 Данные о заказе (DOS) __
t N записи в КСУ для И/У (DOS) 200505
j Количество экземпляров (DOS) 2